00531nam a2200181Ia 450000500170000000800410001704000190005804100120007708200250008910000240011424500480013826000340018630000100022063000190023065000670024965100230031685000100033920230523130200.0131103s9999 xx 000 0 und d aLoreto College aEnglish aTAG 891.441bTAG-SEN aSen, Probodhchandra aChandoguru RabindranathcProbodhchandra Sen aCalcuttabViswa-Bharatic1945 a224p  aBengali Poetry aTagore, Rabindranath, 1861-1941 - Criticism and Interpretation aBengali Literature aLCLIB